New periodical title abbreviations : (Record no. 190916)

MARC details
000 -LEADER
campo de control de longitud fija 00981nam a2200253 i 4500
001 - NÚMERO DE CONTROL
campo de control 190916
003 - IDENTIFICADOR DE NÚMERO DE CONTROL
campo de control ES-MaACL
005 - FECHA Y HORA DE LA ÚLTIMA TRANSACCIÓN
campo de control 20240226120348.0
008 - DATOS DE LONGITUD FIJA--INFORMACIÓN GENERAL
campo de control de longitud fija 220826s1991 xxu 000 0 eng d
020 ## - NÚMERO INTERNACIONAL ESTÁNDAR DEL LIBRO
Número Internacional Estándar del Libro 0-8103-6961-3
040 ## - FUENTE DE CATALOGACIÓN
Centro catalogador/agencia de origen ES-MaCSI.
Lengua de catalogación spa.
Centro/agencia transcriptor VL
080 ## - NÚMERO DE LA CLASIFICACIÓN DECIMAL UNIVERSAL
Número de la Clasificación Decimal Universal 050:003.083
245 00 - MENCIÓN DEL TÍTULO
Título New periodical title abbreviations :
Resto del título volume 3 of "Periodical title abbreviations", fourth edition. Supplement /
Mención de responsabilidad, etc. editor, Leland G. Alkire ; associate editor Cheryl Westerman-Alkire.
260 ## - PUBLICACIÓN, DISTRIBUCIÓN, ETC.
Lugar de publicación, distribución, etc. Detroit :
Nombre del editor, distribuidor, etc. Gale Research Inc.,
Fecha de publicación, distribución, etc. [1991]
300 ## - DESCRIPCIÓN FÍSICA
Extensión 655 p. ;
Dimensiones 22 cm.
490 1# - MENCIÓN DE SERIE
Mención de serie Periodical title abbreviations series
650 #4 - PUNTO DE ACCESO ADICIONAL DE MATERIA--TÉRMINO DE MATERIA
Término de materia o nombre geográfico como elemento de entrada Publicaciones periódicas-
Subdivisión general Abreviaturas de títulos.
9 (RLIN) 174986
700 1# - ENTRADA AGREGADA--NOMBRE PERSONAL
Nombre de persona Alkire, Leland G.
9 (RLIN) 174983
700 1# - ENTRADA AGREGADA--NOMBRE PERSONAL
Nombre de persona Westerman-Alkire, Cheryl.
9 (RLIN) 174984
830 1# - PUNTO DE ACCESO ADICIONAL DE SERIE-TÍTULO UNIFORME
Título uniforme Periodical title abbreviations series
9 (RLIN) 225945
852 4# - LOCALIZACIÓN
Ubicación ES-MaACL
Número de control de estantería A-15240
itemnumber 198105
Sublocalización o colección R.110349
Ubicación en estantería Depósito 1
Signatura antigua Olim: BIB 05 new
942 ## - ELEMENTOS DE ENTRADA SECUNDARIOS (KOHA)
Fuente del sistema de clasificación o colocación Clasificación decimal universal
Holdings
Estatus retirado Estado de pérdida Fuente del sistema de clasificación o colocación Estado de daño No para préstamo Biblioteca de origen Biblioteca actual Ubicación en estantería Fecha de adquisición Fuente de adquisición Total de préstamos Signatura topográfica completa Código de barras Visto por última vez Precio de reemplazo Tipo de ítem Koha
    Clasificación decimal universal     Biblioteca del Ateneo de Madrid Biblioteca del Ateneo de Madrid Depósito 1 26/08/2022 Compra   A-15240 1203205 23/02/2023 23/02/2023 Libro impreso